000 00663nam a2200181Ia 4500
003 GCL
005 20240530095208.0
008 140319s9999 xx 000 0 ara d
040 _aGCL /
_cGCL
082 0 4 _a929.62
_bق/ع ق
_221
100 0 _aعبدالعظيم عبدالسلام الفرجانى
245 1 0 _aقبائل العرب فى مصر /
_cعبدالعظيم عبدالسلام الفرجانى
260 _aالقاهرة :
_bدار غريب للطباعة والنشر والتوزيع ،
_c1997
300 _a227 ص ؛
_c24 سم
650 0 4 _aالقبائل العربية
650 0 4 _aالقبائل العربية - مصر
942 _2ddc
_cBK
999 _c4826
_d4826